00441nam a2200157Ia 4500001000500000005001700005008004100022041000800063082001700071100003200088245010400120260000900224300003400233650000800267654000800275936320260306161713.0260306t2017||||xx |||||||||||||| ||spa|| aESP a378.125bV23 aVallejo Ruiz, MónicaeAUT 0aMejora de los procesos de enseñanza-aprendizaje:bretos y propuestas para la educación superior c2017 axiii, 149 páginas :c24 cm. aGEN aCED